| 000 | 00551cam a22002051i 4500 | ||
|---|---|---|---|
| 001 | he 68000696 | ||
| 003 | DLC | ||
| 005 | 20260227111455.0 | ||
| 008 | 861016s1967 is 000 0 yid | ||
| 010 | _ahe 68000696 | ||
| 035 | _a(OCoLC)19307855 | ||
| 040 |
_aDLC _cMH _dCU _dDLC |
||
| 042 | _apremarc | ||
| 050 | 0 | 0 |
_aPJ5129.D687 _bI5 |
| 100 | 1 | _aDrelichman, Samuel. | |
| 245 | 1 | 0 |
_aIn flamen : _blider un dertseylungen / _cShemuʼel Drelikhman. |
| 260 |
_aTel-Aviv : _bNay lebn, _c1967. |
||
| 300 |
_a68 p. ; _c22 cm. |
||
| 752 |
_aIsrael _dTel Aviv |
||
| 999 |
_c33034 _d33034 |
||